000 00955nam a2200277 c 4500
999 _c188096
_d188096
003 BLK
005 20220519091030.0
008 180411b bul|||||r ||||||| ||bul||
010 _aKNG00197114000
040 _aBLK
041 _aBUL
_cBUL
080 _aБългарска литература
_b821.163.2
_x-4
_z821.163.2-4
100 1 _aТомалевски, Георги Христов
_eпърви автор
_9367557
139 _aТомалевски, Георги Христов
_bТ 69
245 1 0 _aПрез зеницата на есето
_cГеорги Христов Томалевски.
257 _aBGR
260 _bГеорги Бакалов
_c1983
_aВарна
300 _a235 с.
_c21 см
380 _aX
500 _a2 606 тир.
852 _aЦб 119455
856 4 _qpdf
856 4 _qpdf
942 _cKNG
_n0
_s1
944 _aCR
_c30.11.2016
_kНаталия_Любомирова
944 _aED
_c30.11.2016
_kНаталия_Любомирова
999 _d188096